Movies Quiz

Random Movies or Animation Quiz

Pixar Voices Quiz Stats

 Plays Quiz Updated Nov 23, 2018

Support Sporcle.
Go Orange.
Score 0/60 Timer 08:00
2 Plays Today
Movie Actor % Correct
Toy StoryTom Hanks
92.9%
Toy Story 2Tom Hanks
92.9%
Toy StoryTim Allen
89.3%
Toy Story 2Tim Allen
89.3%
Finding NemoEllen DeGeneres
67.8%
CarsOwen Wilson
60%
Monsters, Inc.John Goodman
58.4%
Monsters, Inc.Billy Crystal
54.8%
Toy StoryJohn Ratzenberger
42%
A Bug's LifeJohn Ratzenberger
42%
Toy Story 2John Ratzenberger
42%
Monsters, Inc.John Ratzenberger
42%
Finding NemoJohn Ratzenberger
42%
The IncrediblesJohn Ratzenberger
42%
CarsJohn Ratzenberger
42%
RatatouilleJohn Ratzenberger
42%
WALL·EJohn Ratzenberger
42%
UpJohn Ratzenberger
42%
CarsLarry The Cable Guy
39.5%
The IncrediblesSamuel L. Jackson
33.4%
CarsBonnie Hunt
31.2%
Toy Story 2Joan Cusack
30.4%
CarsPaul Newman
29.5%
The IncrediblesCraig T. Nelson
27.2%
The IncrediblesHolly Hunter
26%
Finding NemoAlbert Brooks
25.1%
A Bug's LifeKevin Spacey
23.8%
Toy Story 2Kelsey Grammer
23.4%
Toy StoryDon Rickles
23%
Monsters, Inc.Steve Buscemi
21%
Movie Actor % Correct
RatatouillePatton Oswalt
20%
The IncrediblesJason Lee
19.6%
UpEdward Asner
19.3%
Toy StoryJim Varney
17.8%
Finding NemoWillem Dafoe
17%
A Bug's LifeDave Foley
14.5%
The IncrediblesBrad Bird
13.7%
A Bug's LifeDenis Leary
12.5%
Monsters, Inc.Jennifer Tilly
12.5%
Toy Story 2Annie Potts
11.8%
A Bug's LifeDavid Hyde Pierce
10.3%
UpChristopher Plummer
10.3%
Toy StoryLaurie Metcalf
10.2%
A Bug's LifePhyllis Diller
9.7%
CarsGeorge Carlin
9.6%
Finding NemoAllison Janney
9.3%
RatatouillePeter O'Toole
9.3%
WALL·ESigourney Weaver
9%
RatatouilleBrad Garrett
8.9%
Monsters, Inc.James Coburn
8%
WALL·EFred Willard
7.1%
WALL·EJeff Garlin
6.7%
Finding NemoAlexander Gould
6.6%
RatatouilleJaneane Garofalo
6.3%
WALL·EBen Burtt
6.3%
RatatouilleWill Arnett
4.3%
UpBob Peterson
3.9%
WALL·EElissa Knight
3.8%
UpJordan Nagai
3.7%
UpDelroy Lindo
3.3%

From the Vault

One-Word Shakespeare Plays

by oldkent

Shakespeare knew that short titles could still pack a punch.
Remove Ads.
Support Sporcle.
Get the best of Sporcle when you Go Orange. This ad-free experience offers more features, more stats, and more fun while also helping to support Sporcle. Thank you for becoming a member.

Show Comments

Extras

Top Quizzes Today


Score Distribution

Your Account Isn't Verified!

In order to create a playlist on Sporcle, you need to verify the email address you used during registration. Go to your Sporcle Settings to finish the process.

Report this User

Report this user for behavior that violates our Community Guidelines.

Details: